|
|
|
|
| LEADER |
02327nam a2200421 a 4500 |
| 001 |
27832 |
| 003 |
BD-DhAAL |
| 005 |
20140110152239.0 |
| 008 |
140110s2011 nyub b 001 0 eng |
| 010 |
|
|
|a 2011012092
|
| 020 |
|
|
|a 8178243091
|
| 020 |
|
|
|a 9780231158107 (cloth : acidfree paper)
|
| 020 |
|
|
|a 0231158106 (cloth : acidfree paper)
|
| 020 |
|
|
|a 9780231158114 (paper : acidfree paper)
|
| 020 |
|
|
|a 0231158114 (paper : acidfree paper)
|
| 020 |
|
|
|a 9780231527903 (ebook)
|
| 020 |
|
|
|a 023152790X (ebook)
|
| 040 |
|
|
|a DLC
|c DLC
|d YDX
|d BTCTA
|d YDXCP
|d BWX
|d UKMGB
|d CDX
|d DLC
|d BD-DhAAL
|
| 050 |
0 |
0 |
|a DS461
|b .A43 2012
|
| 082 |
0 |
0 |
|a 954.02/5072
|2 22
|
| 999 |
|
|
|c 14132
|d 14132
|
| 999 |
|
|
|c 14132
|
| 100 |
1 |
|
|a Alam, Muzaffar,
|d 1947-
|9 2859
|
| 245 |
1 |
0 |
|a Writing the Mughal world :
|b studies on culture and politics /
|c Muzaffar Alam, Sanjay Subrahmanyam.
|
| 260 |
|
|
|a New York ;
|a New Delhi :
|b Columbia University Press ;
|b Permanent black
|c c2011.
|
| 300 |
|
|
|a xiv, 516 p. :
|b maps ;
|c 23 cm.
|
| 504 |
|
|
|a Includes bibliographical references and index.
|
| 505 |
0 |
|
|a Letters from a sinking sultan -- TheMughals look beyond the winds -- On the end of the Akbari dispensation -- The Deccan frontier and Mughal expansion, c. 1600 -- Faizi's Nal-Daman and its long afterlife -- Catholics and Muslims in the court of Jahangir (1608-1611) -- The making of a Munshi -- Trade and politics in the Arcot Nizamat (1700-1732) -- Eighteenth-century historiography and the world of the Mughal Munshi -- The political thought of a late eighteenth-century Mughal prince.
|
| 541 |
|
|
|e 27832
|
| 650 |
|
0 |
|a Politics and culture
|z Mogul Empire
|x History.
|9 3689
|
| 651 |
|
0 |
|a Mogul Empire
|x History.
|9 3690
|
| 651 |
|
0 |
|a Mogul Empire
|x Historiography.
|9 3691
|
| 651 |
|
0 |
|a Mogul Empire
|x Politics and government.
|9 3692
|
| 651 |
|
0 |
|a Mogul Empire
|x Commerce
|x History.
|9 3693
|
| 700 |
1 |
|
|a Subrahmanyam, Sanjay.
|9 2864
|
| 942 |
|
|
|2 ddc
|c BK
|
| 952 |
|
|
|0 0
|1 0
|2 ddc
|4 0
|6 954_025072000000000_ALA
|7 0
|9 23802
|a BRACUL
|b BRACUL
|c GEN
|d 2014-01-10
|e Karim International
|g 1590.00
|l 2
|m 9
|o 954.025072 ALA
|p 3010027832
|r 2014-12-17
|s 2014-12-09
|t 1
|w 2014-01-10
|y BK
|
| 952 |
|
|
|0 0
|1 0
|2 ddc
|4 0
|6 954_025072000000000_ALA
|7 0
|9 23803
|a BRACUL
|b BRACUL
|c GEN
|d 2014-01-10
|e Karim International
|g 1590.00
|l 4
|m 9
|o 954.025072 ALA
|p 3010027833
|r 2025-01-12
|s 2024-10-21
|t 2
|w 2014-01-10
|y BK
|